000 00514nam a22001817a 4500
005 20231019184711.0
008 231019b |||||||| |||| 00| 0 eng d
020 _a047115215
082 _a658.404
_bWYS-E
100 _aWysocki,Robert K
245 _aEffective Project Management
_bHow to plan manage and deliverprojects on time and with in Budget
260 _aCanada
_bJohn Wiley&sons
_c1995
300 _a324
500 _aInclude Index
650 _aManagement
700 _aRobert K Wysocki
999 _c34618
_d34618